| 000 | 00927nam a2200253 a 4500 | ||
|---|---|---|---|
| 001 | 000025943 | ||
| 005 | 20200930024154.0 | ||
| 008 | 110217s1946 mx 000 | spa d | ||
| 040 |
_aDO-SdBNP _bspa _cBNPHU |
||
| 082 |
_axxxx _bM379s |
||
| 100 | 1 |
_aMartin, Alfred von , _952807 |
|
| 240 | 1 | 0 |
_aSoziologie der Renaissance. _lEspañol |
| 245 | 1 | 0 |
_aSociología del renacimiento / _cAlfred von Martin; traducción de Manuel Pedroso. |
| 260 |
_aMéxico, D. F. : _bFondo de Cultura Económica, _c1946. |
||
| 300 |
_a132 p. ; _c17 cm. |
||
| 490 | 1 |
_aPopular _v40 |
|
| 534 |
_aTítulo original: _tSoziologie der Renaissance |
||
| 500 | _aIncluye notas al pie de las páginas. | ||
| 500 | _aEl segundo ejemplar es la sexta reimpresión del 1977. | ||
| 590 | _aPerteneció a la biblioteca personal de Juan Isidro Jimenes Grullón. | ||
| 700 | 1 |
_aPedroso, Manuel, _etr. _952808 |
|
| 830 | 0 |
_aPopular, _v40. _913374 |
|
| 049 | _aBNGR | ||
| 999 |
_c25435 _d25435 |
||